000 00530nam a22001817a 4500
003 CEME
005 20210628210029.0
008 210210b xxu||||| |||| 00| 0 eng d
020 _a0-89006-391-5
040 _c.
082 _a621.3845 HER
100 _aPerez-Fontan, F Hernando, Jose.M
_977911
245 _aIntroduction to mobile communications engineering
260 _aBOSTON
_bARTECH HOUSE
_c1999
300 _a535P
650 _aMOBILE COMMUNICATIONS SYSTEMS COMMUNICATIONS ENGINEERING-MOBILE
_977912
942 _cBK
_2ddc
999 _c583092
_d583092